| 000 | 01062nmm a2200313 a 4500 | ||
|---|---|---|---|
| 001 | ocm0001132597 | ||
| 003 | TR-IsHL | ||
| 005 | 20201028152237.0 | ||
| 008 | 150709s2015 tu tur | ||
| 007 | cr cn | ||
| 020 | _a9786059964500 | ||
| 035 |
_a1132597 _b(N$T) |
||
| 050 | 0 | 4 |
_aPJ7741.B5 _bK4 2015 |
| 090 | 0 | 4 |
_aPJ7741.B5 _bK4 2015 |
| 100 | 1 | _aBeydeba | |
| 245 | 1 | 0 |
_aKelile ve Dimne'den seçmeler _h[electronic resource] / _cBeydeba ; hazırlayan Ozan Yılmaz ; editör Cumhur Ün ; tashih Faruk Kasım Bilgeoğlu, Ahmet Temiz |
| 260 |
_aİstanbul : _bÇamlıca Basım Yayın, _c2015 |
||
| 300 | _a194 p. | ||
| 650 | 4 | _aDil ve Edebiyat | |
| 650 | 4 | _aLanguage and Literature | |
| 650 | 0 | _aFabllar, Farsça | |
| 650 | 0 | _aFables, Persian | |
| 650 | 7 |
_aJUVENILE FICTION / Legends, Myths, Fables / General _2bisacsh |
|
| 700 | 1 | _aYılmaz, Ozan | |
| 700 | 1 | _aÜn, Cumhur | |
| 700 | 1 | _aBilgeoğlu, Kasım | |
| 700 | 1 | _aTemiz, Ahmet | |
| 856 | 4 | 0 | _uhttp://search.ebscohost.com/login.aspx?direct=true&scope=site&db=e011xww&AN=1132597 |
| 999 |
_c11428 _d11428 |
||